[Event "3rd Sharjah Masters 2019"]
[Site "Sharjah"]
[Date "2019.03.29"]
[Round "8.40"]
[White "Tokhirjonova, Gulrukhbegim"]
[Black "Gandhi, Anish"]
[Result "1/2-1/2"]
[WhiteElo "2434"]
[BlackElo "2156"]
[Annotator "TA"]
[PlyCount "95"]
[EventDate "2019.03.22"]
[EventType "swiss"]
[EventCountry "UAE"]
[SourceTitle "playchess.com"]
[Source "ChessBase"]
[SourceQuality "1"]

{[%evp 12,95,41,2,16,10,0,0,5,0,1,0,0,0,0,0,0,-28,17,0,-18,-21,-28,-51,-19,-58,-44,-68,-52,-170,-168,-241,-230,-230,-224,-333,-320,-436,-436,-429,-416,-616,-620,-610,-602,-712,-700,-709,-593,-599,-515,-515,-529,-744,-633,-1040,-691,-655,-323,-310,0,0,0,0,0,-248,-134,-147,-124,-517,-858,-570,0,-110,0,0,17,0,0,0,17,0,0,-6,0,0]} 1. e4 c5 2. Nf3 d6 3. d4 cxd4 4. Nxd4 Nf6 5. Nc3 a6 6. h3 e5 7. Nb3 Be6 {B90: Sicilian Najdorf: Unusual White 6th moves, 6 Be3 Ng4 and 6 Be3 e5} 8. f4 g6 9. Be2 Nbd7 10. O-O Rc8 11. f5 gxf5 12. exf5 Bc4 13. Bxc4 Rxc4 14. Nd2 {[#]} Rd4 $146 ({Predecessor:} 14... Rc6 15. Nde4 Nxe4 16. Nxe4 {0-1 (62) Sadzikowski,D (2551)-Cheparinov,I (2688) Izmir 2016}) 15. Qe2 Qc7 16. Nf3 Rc4 17. Be3 Rg8 18. Rad1 Qc6 19. Rf2 Be7 20. Qf1 (20. Nd2 $15 Rb4 21. a3 Rxb2 22. Nc4) 20... d5 $19 21. Bg5 {[#]} (21. Qe2 $142) 21... Rxg5 $1 {[%mdl 512]} 22. Nxg5 Bc5 23. Re1 (23. Nf3 {might work better.}) 23... Rf4 {[%mdl 64] Pin} 24. Nf3 Ne4 {[%mdl 64] Pin} 25. Nd1 Kd8 (25... Bxf2+ $2 26. Nxf2 Qxc2 27. Nd3 $19) 26. Ne3 (26. c3 $142 Ng3 27. Qd3) 26... Qb6 27. Kh2 Bxe3 28. Rfe2 Bf2 29. Rd1 Bg3+ 30. Kh1 Nf2+ 31. Rxf2 Qxf2 32. Qd3 d4 33. Qb3 Qe2 34. Rg1 Qe4 (34... Bf2 $142 35. Rb1 Rxf5) 35. Ng5 Qe3 $2 (35... Qxf5 $19 36. Qxg3 Qxc2) 36. Qxf7 {Intending Ne6+ and mate.} Kc7 {And now ...Rh4 would win.} 37. Ne6+ {[%mdl 64] Double Attack} Kd6 38. Nxf4 $2 (38. Nf8 $1 $11 Nxf8 39. Qxf8+ Kc6 40. Qf6+ Kb5 41. a4+ $1 {[%mdl 512]} Kc5 42. Qe7+ Kb6 43. Qb4+ Ka7 44. Qc5+ Kb8 45. Qf8+ Kc7 46. Qe7+ Kb8 47. Qf8+ Kc7 48. Qc5+ Kb8 49. Qf8+) 38... exf4 (38... Bxf4 $19 39. Qe6+ Kc7 40. Qc4+ Kb8) 39. Qxh7 $17 Nc5 {Hoping for ...Ne4.} 40. Qg6+ $2 {[%mdl 8192]} (40. Rd1 $17) 40... Kc7 $1 $19 41. Qf7+ {[#]} Kc6 $2 ({Black should try} 41... Kb6 $1 $19 {aiming for ...Ne4.} 42. Rf1 Ne4) 42. Rd1 {[#]} (42. Qf6+ $11 {remains equal.} Kc7 43. Rd1) 42... Bf2 (42... f3 $1 $17 {[%cal Rf3g2] ( -> ...fxg2+)} 43. Qg6+ Bd6 44. gxf3 Qe2) 43. Qg6+ $11 {The position is equal.} Kd7 44. Qf7+ Kd6 45. Qg6+ Kd7 46. Qf7+ Kc6 47. Qg6+ Kd7 48. f6 {Accuracy: White = 32%, Black = 57%.} 1/2-1/2

[Event "3rd Sharjah Masters 2019"]
[Site "Sharjah"]
[Date "2019.03.29"]
[Round "8.41"]
[White "Rayes, Abdul Kader"]
[Black "Nitin, S.."]
[Result "1/2-1/2"]
[WhiteElo "2219"]
[BlackElo "2408"]
[Annotator "NA"]
[PlyCount "105"]
[EventDate "2019.03.22"]
[EventType "swiss"]
[EventCountry "UAE"]
[SourceTitle "playchess.com"]
[Source "ChessBase"]
[SourceQuality "1"]
[TimeControl "5400+30"]

1. d4 {[%emt 0:00:00]} Nf6 {[%emt 0:00:04]} 2. Bg5 {[%emt 0:00:17]} c5 {[%emt 0:00:15]} 3. d5 {[%emt 0:00:14]} Qb6 {[%emt 0:03:50]} 4. Nc3 {[%emt 0:00:03]} Qxb2 {[%emt 0:00:50]} 5. Bd2 {[%emt 0:00:02]} Qb6 {[%emt 0:00:21]} 6. e4 {[%emt 0:00:08]} d6 {[%emt 0:00:05]} 7. f4 {[%emt 0:00:11]} e5 {[%emt 0:00:17]} 8. Rb1 {[%emt 0:07:47]} Qd8 {[%emt 0:02:38]} 9. fxe5 {[%emt 0:02:42]} dxe5 {[%emt 0:00:25]} 10. Nf3 {[%emt 0:00:43]} Bd6 {[%emt 0:01:17]} 11. Bb5+ {[%emt 0:02:45]} Nbd7 {[%emt 0:01:09]} 12. O-O {[%emt 0:02:32]} a6 {[%emt 0:07:13]} 13. Bxd7+ {[%emt 0:01:33]} Nxd7 {[%emt 0:01:51]} 14. Qe1 {[%emt 0:06:53]} Nf6 {[%emt 0:06:21]} 15. Bg5 {[%emt 0:07:22]} h6 {[%emt 0:02:17]} 16. Qh4 {[%emt 0:06:49]} b5 {[%emt 0:01:56]} 17. a4 {[%emt 0:06:53]} b4 {[%emt 0:03:43]} 18. Nd1 {[%emt 0:01:23]} Rg8 {[%emt 0:02:47]} 19. Bc1 {[%emt 0:18:40]} Bd7 {[%emt 0:05:24]} 20. Nb2 {[%emt 0:00:47]} Qe7 {[%emt 0:08:44]} 21. Ra1 {[%emt 0:02:44]} c4 {[%emt 0:02:39]} 22. Nxc4 {[%emt 0:00:34]} Rc8 {[%emt 0:00:09]} 23. Nxd6+ {[%emt 0:01:43]} Qxd6 {[%emt 0:00:06]} 24. Bb2 {[%emt 0:06:21]} Ng4 {[%emt 0:00:50]} 25. h3 {[%emt 0:05:40]} Rxc2 {[%emt 0:02:01]} 26. hxg4 {[%emt 0:01:34]} Rxb2 {[%emt 0:00:06]} 27. Qh5 {[%emt 0:00:03]} g6 {[%emt 0:05:15]} 28. Qxe5+ {[%emt 0:08:33]} Qxe5 {[%emt 0:00:41]} 29. Nxe5 {[%emt 0:00:01]} f5 {[%emt 0:01:37]} 30. Rac1 {[%emt 0:02:59]} Kd8 {[%emt 0:00:08]} 31. Nf7+ {[%emt 0:03:11]} Ke7 {[%emt 0:00:15]} 32. Nxh6 {[%emt 0:00:01]} Rh8 {[%emt 0:00:52]} 33. g5 {[%emt 0:00:08]} fxe4 {[%emt 0:01:42]} 34. d6+ {[%emt 0:01:06]} Ke6 {[%emt 0:01:24]} 35. Nf7 {[%emt 0:02:23]} Rh7 {[%emt 0:02:27]} 36. Rf6+ {[%emt 0:00:22]} Kd5 {[%emt 0:00:02]} 37. Rc7 {[%emt 0:00:38]} e3 {[%emt 0:01:09]} 38. Rxd7 {[%emt 0:00:45]} Rb1+ {[%emt 0:02:22]} 39. Rf1 {[%emt 0:00:08]} Rh1+ {[%emt 0:00:01]} 40. Kxh1 {[%emt 0:00:06]} Rxf1+ {[%emt 0:00:03]} 41. Kh2 {[%emt 0:00:04]} e2 {[%emt 0:00:03]} 42. Re7 {[%emt 0:00:17]} Rxf7 {[%emt 0:00:20]} 43. d7 {[%emt 0:00:46]} Rxe7 {[%emt 0:02:24]} 44. d8=Q+ {[%emt 0:00:06]} Ke6 {[%emt 0:00:02]} 45. Qc8+ {[%emt 0:02:07]} Kf7 {[%emt 0:00:16]} 46. Qc4+ {[%emt 0:00:18]} Kf8 {[%emt 0:00:58]} 47. Qf4+ {[%emt 0:00:29]} Kg8 {[%emt 0:00:51]} 48. Qc4+ {[%emt 0:00:17]} Kh8 {[%emt 0:01:13]} 49. Qd4+ {[%emt 0:00:02]} Kh7 {[%emt 0:01:07]} 50. Qh4+ {[%emt 0:00:06]} Kg8 {[%emt 0:00:11]} 51. Qc4+ {[%emt 0:00:06]} Kg7 {[%emt 0:00:20]} 52. Qd4+ {[%emt 0:00:13]} Kg8 {[%emt 0:01:08]} 53. Qc4+ {[%emt 0:00:07]} 1/2-1/2

[Event "3rd Sharjah Masters 2019"]
[Site "Sharjah"]
[Date "2019.03.29"]
[Round "8.42"]
[White "Srihari, L R"]
[Black "Tissir, Mohamed"]
[Result "1/2-1/2"]
[WhiteElo "2211"]
[BlackElo "2386"]
[Annotator "TA"]
[PlyCount "166"]
[EventDate "2019.03.22"]
[EventType "swiss"]
[EventCountry "UAE"]
[SourceTitle "playchess.com"]
[Source "ChessBase"]
[SourceQuality "1"]

{[%evp 18,166,68,39,83,71,75,9,45,58,53,39,166,70,85,85,78,80,126,138,124,129,126,125,121,116,149,135,135,131,197,175,201,149,163,155,160,156,158,136,125,131,137,130,169,176,160,162,189,216,215,210,216,216,216,187,187,179,188,180,177,199,320,140,160,131,155,138,182,145,151,148,162,162,162,162,267,255,277,241,591,554,633,629,621,616,596,578,555,531,435,232,1124,1113,947,1090,802,604,620,311,316,0,448,384,561,585,542,224,4714,634,1072,296,645,0,0,0,0,0,0,0,0,0,0,0,0,0,7,0,0,0,0,0,0,0,3,16,16,0,34,0,0,0,0,0,0,0,0,0,0,0,0]} 1. d4 d6 2. c4 e5 3. Nf3 Nd7 4. Nc3 Ngf6 5. e4 Be7 6. Be2 O-O 7. O-O Re8 8. Qc2 c6 9. h3 Bf8 10. Be3 h6 {A55: Old Indian Defence with Nf3 and e4} (10... exd4 11. Nxd4 Nc5 12. Bf3 a5 13. Rad1 Qc7 14. Bf4 Nfd7 15. Rfe1 a4 16. b4 axb3 17. axb3 Ne5 18. Be2 {0-1 (45) Kanko,I (2199)-Zhelnin,V (2465) Dresden 2015}) 11. Rad1 Qc7 12. c5 $146 ({Better is} 12. d5 $16) ({Predecessor:} 12. dxe5 dxe5 13. Nh4 a5 14. Nf5 Bc5 15. Qd2 Bxe3 16. Qxe3 {1-0 (57) Sitnikov,S (1995)-Rolgeizer,M (1636) Voronezh 2015}) 12... exd4 13. cxd6 (13. Bxd4 dxc5 14. Be3 b5 $15) 13... Bxd6 14. Nxd4 Bh2+ 15. Kh1 Bf4 16. Bxf4 Qxf4 17. g3 Qc7 {Threatening ...Nc5.} 18. f4 Nb6 19. Kh2 Bd7 20. Bf3 Rac8 21. Rfe1 Kh8 22. Qg2 Rcd8 23. e5 Nh7 (23... Nfd5 $16) 24. Ne4 $18 Nc8 25. Nc5 Nf8 26. Qc2 Ne6 27. Ndxe6 Bxe6 28. Nxe6 Rxe6 29. Rxd8+ Qxd8 30. Rd1 Qe8 31. Rd4 Nb6 32. Qd3 Nd5 33. Bxd5 cxd5 34. Rxd5 {[%mdl 4096] Endgame KQR-KQR} Qc6 {[#]} 35. Rd6 $1 {[%cal Rd6c6]} Qa4 36. Rd8+ Re8 37. Qb3 Qc6 38. Rxe8+ Qxe8 39. Qxb7 {KQ-KQ} Qa4 (39... a5 $142 40. Qd5 Qb8) 40. Qb3 (40. Qxf7 $18 {is the precise move to win.} Qc2+ 41. Kg1) 40... Qe4 $16 41. Qd1 ({Stronger than} 41. Qxf7 Qe2+ 42. Kh1 (42. Kg1 Qe1+ 43. Kh2 Qf2+ 44. Kh1 Qe1+ 45. Kh2 Qf2+ 46. Kh1 Qe1+ 47. Kh2 $11) 42... Qe1+ 43. Kh2 Qf2+ 44. Kh1 Qe1+ 45. Kh2 Qf2+ 46. Kh1 Qe1+ $11) 41... g6 42. Qd2 Kg7 43. b4 h5 44. h4 Qc4 45. Qb2 Kg8 46. a4 Qa6 (46... Kh7 {keeps fighting.} 47. Kg1 Kg8) 47. Qc2 $18 Qb6 48. b5 a6 $2 (48... Kf8 49. Qd2 Kg7) 49. Qb2 axb5 50. axb5 Kh7 51. Kg2 Qb7+ 52. Kg1 Qb6+ 53. Kh2 Kg8 54. Qe2 (54. Kg2 $142) 54... Kh7 $2 (54... Kf8 55. Qb2 Ke8) 55. f5 gxf5 56. Qxh5+ Kg8 57. Qe2 Kg7 58. Kg2 Qd4 59. Kh2 (59. Kf3 $142) 59... Qb6 $1 60. Qb2 Kg8 (60... Kg6 $142 61. Qc1 Qxb5 62. Qg5+ Kh7 63. Qxf5+ Kg7) 61. h5 Kh7 62. Kg2 (62. Qb3 $142 Kg7 63. Qd3) 62... Kh6 $2 (62... Qb7+ 63. Kh2 Qb6) 63. Qe2 (63. Qd2+ $142 Kxh5 64. Qd7) 63... Qd4 64. Kh2 $2 (64. e6 Qd5+ 65. Qf3 Qa2+ 66. Kh3 fxe6 67. b6) 64... f4 $2 (64... Kh7 65. Kh3 Qd5) 65. gxf4 $2 (65. e6 $18 fxg3+ 66. Kxg3 Qg1+ 67. Kf3 Qh1+ 68. Kf4) 65... Qxf4+ $11 66. Kg2 {[#] aiming for b6.} Qg5+ 67. Kf2 {Hoping for Qe3.} Qf4+ 68. Ke1 {Threatens to win with Qd2.} Qc1+ $1 69. Kf2 {Qe3+ would kill now.} Qf4+ 70. Kg2 {Strongly threatening e6.} Qg5+ 71. Kh3 Qf5+ 72. Kg3 Qg5+ 73. Kh3 {Qe4 is the strong threat.} Qf5+ 74. Kg3 Qg5+ 75. Qg4 Qe3+ 76. Qf3 Qg5+ 77. Kh3 {Intending Qf6+ and mate.} Qxe5 78. Qxf7 {[%csl Gh5][%cal Rf7g6]} Qe3+ {The position is equal.} 79. Kg4 {[%csl Gh5][%cal Rf7g6]} Qe2+ 80. Kg3 {[%csl Gh5][%cal Rf7g6]} Qd3+ 81. Kf2 {White threatens Qg6+! and mate.} Qd2+ 82. Kg1 {[%csl Gh5][%cal Rf7g6]} Qg5+ 83. Kf1 Qxb5+ {Accuracy: White = 50%, Black = 46%.} 1/2-1/2

[Event "3rd Sharjah Masters 2019"]
[Site "Sharjah"]
[Date "2019.03.29"]
[Round "8.43"]
[White "Blagojevic, Tijana"]
[Black "Assaubayeva, Bibisara"]
[Result "0-1"]
[WhiteElo "2206"]
[BlackElo "2376"]
[Annotator "NA"]
[PlyCount "60"]
[EventDate "2019.03.22"]
[EventType "swiss"]
[EventCountry "UAE"]
[SourceTitle "playchess.com"]
[Source "ChessBase"]
[SourceQuality "1"]
[TimeControl "5400+30"]

1. e4 {[%emt 0:00:00]} c5 {[%emt 0:00:00]} 2. Nf3 {[%emt 0:00:00]} d6 {[%emt 0:00:09]} 3. Bb5+ {[%emt 0:00:00]} Nd7 {[%emt 0:00:14]} 4. O-O {[%emt 0:00:05]} a6 {[%emt 0:00:23]} 5. Bd3 {[%emt 0:00:09]} Ngf6 {[%emt 0:00:13]} 6. Re1 {[%emt 0:00:17]} b5 {[%emt 0:00:35]} 7. c4 {[%emt 0:00:18]} g5 {[%emt 0:00:20]} 8. Nxg5 {[%emt 0:01:06]} Ne5 {[%emt 0:01:44]} 9. Bf1 {[%emt 0:00:34]} bxc4 {[%emt 0:00:09]} 10. Nf3 {[%emt 0:02:20]} Bg4 {[%emt 0:04:24]} 11. Be2 {[%emt 0:01:56]} Nd3 {[%emt 0:04:01]} 12. Bxd3 {[%emt 0:02:04]} cxd3 {[%emt 0:00:16]} 13. h3 {[%emt 0:03:00]} Bh5 {[%emt 0:03:50]} 14. e5 {[%emt 0:02:45]} dxe5 {[%emt 0:04:50]} 15. Qa4+ {[%emt 0:03:50]} Qd7 {[%emt 0:06:21]} 16. Qxd7+ {[%emt 0:04:05]} Nxd7 {[%emt 0:00:15]} 17. Nxe5 {[%emt 0:01:27]} Bg6 {[%emt 0:04:45]} 18. Nxg6 {[%emt 0:10:47]} hxg6 {[%emt 0:00:08]} 19. a4 {[%emt 0:12:20]} Rh4 {[%emt 0:04:18]} 20. Re3 {[%emt 0:08:47]} c4 {[%emt 0:02:15]} 21. g3 {[%emt 0:08:28]} Rd4 {[%emt 0:04:02]} 22. b3 {[%emt 0:03:13]} cxb3 {[%emt 0:07:14]} 23. Bb2 {[%emt 0:00:04]} Rd6 {[%emt 0:03:25]} 24. Ba3 {[%emt 0:02:11]} Re6 {[%emt 0:05:18]} 25. Bb2 {[%emt 0:05:01]} Rxe3 {[%emt 0:02:03]} 26. dxe3 {[%emt 0:00:04]} Rc8 {[%emt 0:02:09]} 27. Na3 {[%emt 0:01:44]} e5 {[%emt 0:01:09]} 28. Kf1 {[%emt 0:01:33]} e4 {[%emt 0:02:04]} 29. Ke1 {[%emt 0:00:59]} Bb4+ {[%emt 0:00:33]} 30. Kd1 {[%emt 0:00:04]} Rc2 {[%emt 0:00:21]} 0-1

[Event "3rd Sharjah Masters 2019"]
[Site "Sharjah"]
[Date "2019.03.29"]
[Round "8.44"]
[White "Boudriga, Mohamed Ali"]
[Black "Franco Valencia, Angela"]
[Result "0-1"]
[WhiteElo "2369"]
[BlackElo "2141"]
[Annotator "TA"]
[PlyCount "184"]
[EventDate "2019.03.22"]
[EventType "swiss"]
[EventCountry "UAE"]
[SourceTitle "playchess.com"]
[Source "ChessBase"]
[SourceQuality "1"]

{[%evp 14,184,36,36,35,22,43,33,26,0,14,7,37,-2,15,-12,-5,-10,-10,-15,-17,-16,-9,-66,-54,-37,-36,-61,0,-115,-108,-107,-110,-131,-136,-137,-142,-109,-74,-79,-67,-76,-54,-96,-39,-96,-94,-119,-45,-42,-20,-38,-20,-45,-18,-22,-14,-15,0,0,0,-20,0,-31,-3,-40,-25,-28,0,0,0,0,0,0,0,0,0,0,0,0,0,0,0,0,0,0,0,0,0,0,0,0,0,0,0,0,0,0,0,0,0,0,0,0,0,0,0,0,0,0,0,0,0,0,0,0,0,0,0,0,0,0,0,0,0,0,0,0,0,0,0,0,0,0,178,146,141,141,162,162,622,622,588,512,537,443,378,-436,-436,-751,-742,-658,-436,-431,-431,-436,-436,-436,-436,-436,-436,-29974,-29975,-29974,-29974,-29972,-29972,-29978,-29979,-29978,-29979,-29976,-29976]} 1. e4 e5 2. Nf3 Nc6 3. Bb5 a6 4. Ba4 Nge7 5. O-O g6 6. c3 Bg7 7. d4 exd4 8. cxd4 b5 {C60: Ruy Lopez: Unusual Black 3rd moves and 3...g6} 9. Bb3 d6 10. h3 O-O {White is slightly better.} 11. Nc3 Na5 12. Bc2 Bb7 (12... c5 13. dxc5 dxc5 14. Qxd8 Rxd8 {0-1 (65) Vachier Lagrave,M (2789)-Mamedyarov,S (2808) Leuven 2018}) 13. d5 Nc4 14. Nd4 $146 ({Predecessor:} 14. Rb1 b4 15. Ne2 c6 16. dxc6 Nxc6 17. Nf4 Rc8 18. Nd5 {½-½ (18) Hunt,A (2427)-Orlov,A (2489) Bratto 2015}) 14... c5 15. dxc6 Nxc6 16. Nxc6 Bxc6 17. Bb3 Re8 18. Bxc4 (18. Re1 $11) 18... bxc4 $15 19. Re1 Rb8 $36 {[%mdl 2048] Black fights for an advantage.} 20. Re2 Qa5 ({Better is} 20... Qe7 $15) 21. Qxd6 (21. Bf4 $1 $11) 21... Bxc3 $17 22. Qxc6 {[#]} Rbc8 $1 {[%cal Rc8c6]} 23. Qb7 Rc7 24. Qxc7 Qxc7 25. bxc3 Qe5 26. Bd2 h5 27. Rc1 Qd6 28. Be3 Qa3 (28... Rxe4 $17 29. Rec2 Qb8) 29. Rcc2 (29. Bf4 $15) 29... Rxe4 30. Red2 Re8 ({Black should try} 30... f6 $17 31. Rd7 g5) 31. Rd4 Qa4 32. Rcd2 Qb5 33. Kh2 Kh7 34. h4 a5 35. Rd5 Qb8+ 36. g3 a4 37. R5d4 Qb5 38. Rf4 Kg8 39. Rf6 a3 {White must now prevent ...Qe5.} 40. Rf4 Rc8 41. Rfd4 Qa5 42. Rd5 Qa8 ({Avoid the trap} 42... Qxc3 $2 43. Rd8+ Rxd8 44. Rxd8+ Kg7 45. Bd4+ Qxd4 46. Rxd4 $18) 43. Rd7 Re8 44. R2d4 Qc8 45. R4d5 Qb8 46. Bd4 Rf8 47. Ra7 Qb2 48. Rda5 Qxa2 49. Rxa3 Qe2 50. R3a6 Qe4 51. Rf6 Kh7 52. Rfxf7+ Rxf7 53. Rxf7+ $11 {[%mdl 4096] Endgame KQ-KRB} Kg8 54. Rc7 Qd3 55. Ra7 Qe4 56. Kg1 Qb1+ 57. Kg2 Qe4+ 58. Kh2 Qd3 59. Re7 Qc2 60. Kg2 Kf8 61. Re3 Kf7 62. Rf3+ Ke8 63. Rf4 Kd7 64. Kh2 Kc8 65. Kg2 Kd7 66. Bg7 Qa2 67. Rf7+ Ke8 68. Rf4 Kd7 69. Kf3 Qa8+ 70. Ke3 Qa3 {aiming for ...Qe7+.} 71. Bd4 Qa1 72. Ke4 Qa8+ 73. Ke5 Qa6 $2 (73... Qh8+ $1 $11 {and Black stays safe.} 74. Rf6 Qb8+ 75. Kd5 Qb5+ 76. Bc5 Qb3) 74. Rf7+ Ke8 75. Rf6 Qb5+ 76. Kf4 Qb1 $2 (76... Qd5 77. Rxg6 Kd7) 77. Kg5 $18 Qe4 78. Rxg6 Kf7 {( -> ...Qg4+)} 79. Rf6+ Ke7 80. Kxh5 $4 {[%mdl 8192] [#]} (80. f3 $18 Qd5+ 81. Kf4) 80... Qxd4 $1 {[%mdl 512] KQ-KR} 81. Rf3 (81. cxd4 $2 {too greedy.} Kxf6 82. d5 c3) 81... Qd5+ 82. Kg4 Qd1 83. Kf4 Ke6 84. Re3+ Kf6 85. g4 Qd6+ 86. Kf3 {Now Kg2 and White clings on.} Qh2 87. Re4 (87. h5 $19) 87... Qh3+ {Black mates.} 88. Kf4 Qxc3 89. g5+ Kf7 90. f3 Qd2+ 91. Kf5 Qd7+ 92. Ke5 c3 {Accuracy: White = 56%, Black = 52%.} 0-1

[Event "3rd Sharjah Masters 2019"]
[Site "Sharjah"]
[Date "2019.03.29"]
[Round "8.45"]
[White "Omar, Noaman"]
[Black "Thrish, Karthik"]
[Result "1-0"]
[WhiteElo "2356"]
[BlackElo "2096"]
[Annotator "NA"]
[PlyCount "93"]
[EventDate "2019.03.22"]
[EventType "swiss"]
[EventCountry "UAE"]
[SourceTitle "playchess.com"]
[Source "ChessBase"]
[SourceQuality "1"]
[TimeControl "5400+30"]

1. d4 {[%emt 0:00:00]} d5 {[%emt 0:00:00]} 2. Nf3 {[%emt 0:00:00]} Bf5 {[%emt 0:00:00]} 3. c4 {[%emt 0:01:22]} e6 {[%emt 0:00:00]} 4. Nc3 {[%emt 0:00:02]} Nc6 {[%emt 0:00:18]} 5. cxd5 {[%emt 0:03:59]} exd5 {[%emt 0:00:08]} 6. Bf4 {[%emt 0:00:27]} Nf6 {[%emt 0:01:13]} 7. e3 {[%emt 0:00:12]} Bb4 {[%emt 0:03:49]} 8. Bb5 {[%emt 0:00:32]} O-O {[%emt 0:03:22]} 9. O-O {[%emt 0:00:17]} Ne7 {[%emt 0:07:43]} 10. Qb3 {[%emt 0:04:33]} Bd6 {[%emt 0:01:50]} 11. Bg5 {[%emt 0:01:22]} c6 {[%emt 0:10:17]} 12. Bxf6 {[%emt 0:01:13]} gxf6 {[%emt 0:00:39]} 13. Be2 {[%emt 0:00:10]} Qd7 {[%emt 0:01:23]} 14. Nh4 {[%emt 0:00:57]} Kh8 {[%emt 0:05:05]} 15. Nxf5 {[%emt 0:04:05]} Nxf5 {[%emt 0:04:54]} 16. Bg4 {[%emt 0:00:58]} Rg8 {[%emt 0:01:16]} 17. Bh3 {[%emt 0:00:04]} Nxe3 {[%emt 0:16:43]} 18. Kh1 {[%emt 0:00:43]} Rxg2 {[%emt 0:00:23]} 19. Bxg2 {[%emt 0:01:17]} Nxg2 {[%emt 0:00:26]} 20. Ne2 {[%emt 0:05:25]} Rg8 {[%emt 0:15:12]} 21. Qf3 {[%emt 0:01:28]} Rg6 {[%emt 0:09:08]} 22. Rg1 {[%emt 0:00:51]} Nh4 {[%emt 0:00:29]} 23. Qe3 {[%emt 0:01:13]} Nf5 {[%emt 0:08:15]} 24. Qd3 {[%emt 0:00:21]} Rh6 {[%emt 0:04:00]} 25. f4 {[%emt 0:00:22]} Qe6 {[%emt 0:01:42]} 26. Raf1 {[%emt 0:05:06]} Rg6 {[%emt 0:04:04]} 27. Rf3 {[%emt 0:01:48]} Qe4 {[%emt 0:00:33]} 28. Ng3 {[%emt 0:00:47]} Nxg3+ {[%emt 0:00:29]} 29. hxg3 {[%emt 0:01:02]} f5 {[%emt 0:00:32]} 30. Kg2 {[%emt 0:06:04]} Re6 {[%emt 0:00:09]} 31. Kf2 {[%emt 0:00:40]} c5 {[%emt 0:00:47]} 32. Re3 {[%emt 0:00:19]} Qxd4 {[%emt 0:00:34]} 33. Qxd4+ {[%emt 0:00:07]} cxd4 {[%emt 0:00:03]} 34. Rxe6 {[%emt 0:00:25]} fxe6 {[%emt 0:00:03]} 35. Re1 {[%emt 0:00:42]} Bc5 {[%emt 0:01:01]} 36. Rxe6 {[%emt 0:00:03]} d3+ {[%emt 0:00:40]} 37. Kf3 {[%emt 0:00:30]} d2 {[%emt 0:00:42]} 38. Ke2 {[%emt 0:00:04]} Bf2 {[%emt 0:00:17]} 39. Kxd2 {[%emt 0:00:32]} Bxg3 {[%emt 0:00:10]} 40. Ke3 {[%emt 0:00:24]} Bh2 {[%emt 0:00:44]} 41. Re5 {[%emt 0:01:36]} Bg1+ {[%emt 0:00:38]} 42. Kd3 {[%emt 0:00:04]} d4 {[%emt 0:00:17]} 43. Rxf5 {[%emt 0:00:09]} Be3 {[%emt 0:00:06]} 44. Ke4 {[%emt 0:00:17]} Kg7 {[%emt 0:00:19]} 45. Rd5 {[%emt 0:00:26]} Kg6 {[%emt 0:00:40]} 46. Rd6+ {[%emt 0:00:24]} Kh5 {[%emt 0:00:14]} 47. Rd7 {[%emt 0:00:30]} 1-0

[Event "3rd Sharjah Masters 2019"]
[Site "Sharjah"]
[Date "2019.03.29"]
[Round "8.46"]
[White "Sharma, Dinesh K."]
[Black "Shiva, Pavan Teja Sharma U"]
[Result "1-0"]
[WhiteElo "2286"]
[BlackElo "2093"]
[Annotator "NA"]
[PlyCount "97"]
[EventDate "2019.03.22"]
[EventType "swiss"]
[EventCountry "UAE"]
[SourceTitle "playchess.com"]
[Source "ChessBase"]
[SourceQuality "1"]
[TimeControl "5400+30"]

1. d4 {[%emt 0:00:00]} Nf6 {[%emt 0:02:37]} 2. c4 {[%emt 0:00:04]} e6 {[%emt 0:00:20]} 3. Nc3 {[%emt 0:01:21]} Bb4 {[%emt 0:00:30]} 4. e3 {[%emt 0:00:02]} O-O {[%emt 0:00:43]} 5. Bd3 {[%emt 0:00:05]} d5 {[%emt 0:01:51]} 6. Nf3 {[%emt 0:00:18]} c5 {[%emt 0:04:16]} 7. O-O {[%emt 0:00:08]} dxc4 {[%emt 0:15:00]} 8. Bxc4 {[%emt 0:00:07]} cxd4 {[%emt 0:04:36]} 9. exd4 {[%emt 0:00:03]} b6 {[%emt 0:00:17]} 10. Bg5 {[%emt 0:01:15]} Bb7 {[%emt 0:00:43]} 11. Ne5 {[%emt 0:03:32]} Be7 {[%emt 0:03:05]} 12. Qe2 {[%emt 0:03:43]} Nd5 {[%emt 0:10:33]} 13. Bxd5 {[%emt 0:13:15]} exd5 14. Bxe7 {[%emt 0:00:57]} Qxe7 {[%emt 0:06:23]} 15. Rfe1 {[%emt 0:00:27]} Nd7 {[%emt 0:08:55]} 16. Qb5 {[%emt 0:04:57]} Nxe5 {[%emt 0:02:02]} 17. Rxe5 {[%emt 0:00:26]} Qh4 {[%emt 0:00:46]} 18. Rd1 {[%emt 0:00:32]} Rad8 {[%emt 0:01:26]} 19. h3 {[%emt 0:01:58]} h6 {[%emt 0:00:18]} 20. Qa4 {[%emt 0:03:14]} a6 {[%emt 0:03:16]} 21. Qb4 {[%emt 0:01:32]} Qf6 {[%emt 0:02:30]} 22. Rde1 {[%emt 0:02:34]} Qc6 {[%emt 0:03:15]} 23. Qe7 {[%emt 0:09:29]} Bc8 {[%emt 0:03:28]} 24. Qb4 {[%emt 0:03:36]} Be6 {[%emt 0:04:31]} 25. Qa4 {[%emt 0:02:03]} b5 {[%emt 0:01:40]} 26. Qd1 {[%emt 0:00:55]} Qc4 {[%emt 0:01:19]} 27. R1e3 {[%emt 0:01:27]} Rd6 {[%emt 0:01:47]} 28. Rg3 {[%emt 0:02:20]} Bd7 {[%emt 0:01:22]} 29. b3 {[%emt 0:02:10]} Qc6 {[%emt 0:01:02]} 30. Qh5 {[%emt 0:00:16]} Rg6 {[%emt 0:03:02]} 31. Nxd5 {[%emt 0:01:51]} Qc1+ {[%emt 0:00:20]} 32. Kh2 {[%emt 0:00:03]} Rxg3 {[%emt 0:00:12]} 33. fxg3 {[%emt 0:01:33]} Qd2 {[%emt 0:00:18]} 34. Qe2 {[%emt 0:00:44]} Qxd4 {[%emt 0:02:16]} 35. Ne7+ {[%emt 0:00:19]} Kh8 {[%emt 0:00:17]} 36. Rd5 {[%emt 0:00:18]} Qa7 {[%emt 0:00:08]} 37. Qf3 {[%emt 0:01:37]} Bg4 {[%emt 0:02:48]} 38. Ng6+ {[%emt 0:07:05]} Kg8 {[%emt 0:00:07]} 39. Qxg4 {[%emt 0:00:44]} fxg6 {[%emt 0:00:04]} 40. Qxg6 {[%emt 0:01:11]} b4 {[%emt 0:05:56]} 41. Qe6+ {[%emt 0:07:25]} Qf7 {[%emt 0:00:39]} 42. Qc6 {[%emt 0:06:50]} h5 {[%emt 0:03:18]} 43. Rd7 {[%emt 0:00:52]} Qf5 {[%emt 0:00:18]} 44. Qc4+ {[%emt 0:01:20]} Kh7 {[%emt 0:00:09]} 45. Rd5 {[%emt 0:02:59]} Qf7 {[%emt 0:00:24]} 46. Qc5 {[%emt 0:03:47]} Kh6 {[%emt 0:01:08]} 47. Rd6+ {[%emt 0:02:22]} Kh7 {[%emt 0:00:17]} 48. Qxb4 {[%emt 0:00:19]} Re8 {[%emt 0:00:52]} 49. Qf4 {[%emt 0:01:12]} 1-0